000 00302nam a2200145Ia 4500
100 _aWilton/ Rex
942 _cBK
654 _aMaths
245 _aMathematics for Computers students
260 _bB.P.B. Pub
_aNew Delhi
_c1994
082 _a510
300 _a351
546 _aENGLISH
999 _c22155
_d22155